| 000 | 00391pab a2200145 454500 | ||
|---|---|---|---|
| 008 | 180718b2006 xxu||||| |||| 00| 0 eng d | ||
| 100 | _aEvetts, Julia | ||
| 245 | _aTrust and professionalism: challenges and occupational changes: introduction | ||
| 260 | _c2006 | ||
| 300 | _ap.515-31. | ||
| 362 | _aJul | ||
| 650 | _aOccupational mobility | ||
| 773 | _aCurrent Sociology | ||
| 909 | _a70957 | ||
| 999 |
_c70957 _d70957 |
||